Cezhraničné fúzie
Saved in:
| Main Author: | |
|---|---|
| Other Authors: | , |
| Format: | Book |
| Language: | Slovak |
| Published: |
Praha
C. H. Beck
2010
|
| Series: | Beckova edícia právne inštitúty
|
| Subjects: | |
| Tags: |
No Tags, Be the first to tag this record!
|
MARC
| LEADER | 00000nam$a2200000$$$4500 | ||
|---|---|---|---|
| 001 | 0104721 | ||
| 005 | 20240313085633.3 | ||
| 020 | |a 978-80-7400-171-0 | ||
| 041 | 0 | |a slo | |
| 044 | |a CZ | ||
| 245 | 1 | 0 | |a Cezhraničné fúzie |c Radovan Pala, Ivana Palová, Andrej Leontiev |
| 264 | 1 | |a Praha |b C. H. Beck |c 2010 | |
| 300 | |a 241 s. | ||
| 490 | 1 | |a Beckova edícia právne inštitúty | |
| 830 | 0 | |a Beckova edícia právne inštitúty | |
| 610 | 2 | 0 | |a fúzie |
| 610 | 2 | 0 | |a spolupráca cezhraničná |
| 610 | 2 | 0 | |a smernice |
| 610 | 2 | 0 | |a vývoj |
| 610 | 2 | 0 | |a úpravy právne |
| 610 | 2 | 0 | |a spoločníci |
| 610 | 2 | 0 | |a spoločnosti nadnárodné |
| 610 | 2 | 0 | |a ochrana právna |
| 610 | 2 | 0 | |a veritelia |
| 610 | 2 | 0 | |a zamestnanci |
| 610 | 2 | 0 | |a riadenie |
| 610 | 2 | 0 | |a štúdie prípadové |
| 610 | 2 | 0 | |a Slovensko |
| 610 | 2 | 0 | |a Európska únia |
| 100 | 1 | |a Pala, Radovan | |
| 700 | 1 | |a Palová, Ivana | |
| 700 | 1 | |a Leontiev, Andrej | |